Olivia Rodrigo Discography (2026) - Statistics

General Stats
  • This quiz has been taken 88 times
  • The average score is 26 of 31
Answer Stats
Answer % Correct
drivers license
97%
brutal
94%
deja vu
92%
the cure
92%
drop dead
91%
good 4 u
91%
scared of my guitar
89%
vampire
89%
obsessed
88%
all-american bitch
86%
bad idea right?
86%
ballad of a homeschooled girl
86%
lacy
86%
pretty isn't pretty
86%
so american
86%
traitor
86%
jealousy, jealousy
84%
1 step forward, 3 steps back
83%
making the bed
83%
happier
81%
favorite crime
80%
the grudge
80%
begged
78%
hope ur ok
78%
get him back!
75%
enough for you
72%
teenage dream
72%
girl i've always been
70%
stranger
70%
logical
69%
love is embarrassing
67%
No matching quizzes found
Score Distribution
Percent of People with Each Score
Percentile by Number Answered
Your Score History
You have not taken this quiz